000 01541nam a22002057a 4500
005 20220427105036.0
008 211115b ||||| |||| 00| 0 eng d
020 _a9789354227721
040 _cAL
041 _aeng
082 _223
_a158.1
_bSHEM
100 _aPreeti Shenoy
_910400
245 _aMagic mindset
_bHow to find your happy place
260 _aNoida
_bHarperCollins Publishers
_c2021
300 _aiv,223p.
_bPB
_c19.5x13cm.
365 _2General
_a2975
_b₹200.00
_c
_d₹250.00
_e20%
_f18-10-2021
520 _aWhile positivity is about looking at the bright side of things, the magic mindset embraces and accepts that it is not always possible to do so. Sometimes things get so bleak that our mind refuses to accept that there can be a silver lining. In this book, Preeti Shenoy gives you a set of principles for every area of life, designed to help us shift our perspective from hopelessness to hope, from despondency to joy, from cynicism to belief – a belief that change is coming, and things are not as bad as they seem. Perfect reading for the difficult times that we are living in, The Magic Mindset is full of tips, suggestions, fun exercises and practical advice on career, family, health, relationships, finances, social media, and more. It also includes inspiring stories and anecdotes from Preeti’s own life. A cornerstone for all those who want to change their outlook, The Magic Mindset helps us build a purposeful and joyful life.
650 _2Psychology
_aApplied Psychology
_910401
942 _2ddc
_cBK
999 _c220589
_d220589